Associe villes et départements (Click difficile) - Statistiques

Statistiques générales
  • Ce quiz a été pris 64 fois
  • Le résultat moyen est 9 sur 15
Statistiques - réponses
Hint Réponse % Correct
Calvi Haute-Corse
89%
Le Tampon La Réunion
84%
Saint-Jean-de-Luz Pyrénées-Atlantiques
84%
Haguenau Bas-Rhin
80%
Concarneau Finistère
75%
Verdun Meuse
71%
Soissons Aisne
70%
Forcalquier Alpes-de-Haute-Provence
63%
Alfortville Val-de-Marne
59%
Loudéac Côtes-d'Armor
54%
Argentan Orne
54%
Tonnerre Yonne
43%
Villenave-d'Ornon Gironde
41%
Murat Cantal
38%
Sancerre Cher
38%
Aucun quiz correspondant
Distribution des résultats
% des personnes avec chaque résultat
Percentile par nombre de réponses
Votre historique - résultats
Vous n’avez pas pris ce quiz